000 00343nam a2200145 i 4500
001 bg
100 1 _aWYGODSKIJ, M. J.
245 0 _aSprawocnik po elementarnoj matematike /
_cM.J. Wygodskij.
250 _aWyd.22.
260 _aMoskwa,
_c1972.
040 _cBPK
041 _apol
942 _cKS
008 s pl f |000 0 pol
999 _c14529
_d14529
856 _uhttp://koha.tu.koszalin.pl/cgi-bin/koha/opac-detail.pl?biblionumber=14529
_yKatalog online BPK